Jay-Z Songs - Sudden Death - Statistics

General Stats
  • This quiz has been taken 402 times
    112 since last reset
  • The average score is 11 of 20
Answers on the Grid
Answers color-coded by a green-red scale on the quiz's grid according to % correct below.
99 Problems
Always on Time
Fight the Power
Blue Magic
Legend Has It
Dead Presidents
Girls, Girls, Girls
Lost One
Empire State of Mind
Reagan
Call Ticketron
No Church in the Wild
Oh Mama
Lotus Flower Bomb
Change Clothes
Livin' It Up
Picasso Baby
Smooth Operator
Big Pimpin'
Otis
Lollipop
The Story of O.J.
Juicy
Sky's the Limit
Can I Get A...
Rock the Bells
Dirt off Your Shoulder
God's Plan
Insane in the Brain
Ghetto Cowboy
4:44
Big Poppa
Streets Is Watching
Can't Knock the Hustle
Gangsta's Paradise
Politics as Usual
Holy Grail
Takeover
Hypnotize
 
Answer Stats
Answer % Correct
99 Problems
92%
Empire State of Mind
85%
4:44
77%
No Church in the Wild
65%
Otis
63%
The Story of O.J.
60%
Big Pimpin'
57%
Dead Presidents
57%
Holy Grail
57%
Dirt off Your Shoulder
53%
Girls, Girls, Girls
53%
Can't Knock the Hustle
50%
Takeover
47%
Can I Get A...
45%
Politics as Usual
44%
Change Clothes
40%
Streets Is Watching
30%
Blue Magic
29%
Picasso Baby
28%
Lost One
26%
No matching quizzes found
Score Distribution
Percent of People with Each Score
Percentile by Number Answered
Your Score History
You have not taken this quiz since the last reset